Análisis y diseño de máquinas biosaludables
Zapisane w:
| 1. autor: | |
|---|---|
| Kolejni autorzy: | , , |
| Format: | Książka |
| Język: | Spanish |
| Wydane: |
[San José, Costa Rica]
2022.
|
| Hasła przedmiotowe: | |
| Dostęp online: | https://cedi.ucr.ac.cr/mecanica/analisis-y-diseno-de-maquinas-biosaludables/ |
| Etykiety: |
Dodaj etykietę
Nie ma etykietki, Dołącz pierwszą etykiete!
|
MARC
| LEADER | 00000nam a2200000Ia 4500 | ||
|---|---|---|---|
| 003 | 013433 | ||
| 005 | 20230516150934.0 | ||
| 008 | 140116s2022 cr a 000 ||spa d | ||
| 040 | |c cru CEDI | ||
| 100 | |a Buitrago Méndez, Ana Lucía, 1997- |9 192 | ||
| 245 | |a Análisis y diseño de máquinas biosaludables | ||
| 260 | |a [San José, Costa Rica] |c 2022. | ||
| 500 | |a Proyecto de graduación (licenciatura en ingeniería mecánica)--Universidad de Costa Rica. Facultad de Ingeniería. Escuela de Ingeniería Mecánica | ||
| 501 | |a Director de Proyecto de Graduación: Dr. Pietro Scaglioni Solano | ||
| 650 | |x ESFUERZO CORTANTE |x DISEÑO DE ESTRUCTURAS |x EJERCICIO - EQUIPO Y SUMINISTROS - DISEÑO Y CONSTRUCCION |x EJERCICIO - EQUIPO Y SUMINISTROS |x DEFORMACIONES (MECANICA) |x BIOMECANICA |x CINEMATICA | ||
| 700 | |9 193 |a España Tapia, Sebastián Martín, 1996- | ||
| 700 | |9 194 |a Pugliese Gallardo, Valeria, 1998- | ||
| 700 | |9 195 |a Scaglioni Solano, Pietro, 1965- |d Director del TFG | ||
| 856 | |u https://cedi.ucr.ac.cr/mecanica/analisis-y-diseno-de-maquinas-biosaludables/ |y https://cedi.ucr.ac.cr/mecanica/analisis-y-diseno-de-maquinas-biosaludables/ | ||
| 942 | |c CEDI |h TFG 8584 |2 ddc |6 TFG_8584_000000000000000 | ||
| 999 | |c 21935 |d 21935 | ||
